[Event "46th GRE-chT Premier 2018"]
[Site "Rio Achaia"]
[Date "2018.07.11"]
[Round "2"]
[White "Czarnota, Pawel"]
[Black "Nikolov, Momchil"]
[Result "1/2-1/2"]
[WhiteElo "2549"]
[BlackElo "2551"]
[Annotator "ChessBase"]
[PlyCount "61"]
[EventDate "2018.07.10"]
[EventType "team-tourn"]
[EventCountry "GRE"]
[SourceTitle "playchess.com"]
[Source "ChessBase"]
[SourceQuality "1"]
[TimeControl "40/5400+30:1800+30"]

1. e4 {[%emt 0:00:00]} e5 {[%emt 0:00:07]} 2. Nf3 {[%emt 0:00:00]} Nf6 {[%emt 0:00:15]} 3. Nxe5 {[%emt 0:00:09]} d6 {[%emt 0:00:12]} 4. Nf3 {[%emt 0:00:07]} Nxe4 {[%emt 0:00:12]} 5. Nc3 {[%emt 0:00:56]} Nxc3 {[%emt 0:00:10]} 6. dxc3 {[%emt 0:00:05]} Be7 {[%emt 0:00:11]} 7. Bf4 {[%emt 0:00:51]} Nc6 {[%emt 0:00:23]} 8. Qd2 {[%emt 0:00:19]} Be6 {[%emt 0:00:26]} 9. O-O-O {[%emt 0:01:36]} Qd7 {[%emt 0:00:24]} 10. Be2 {[%emt 0:02:33]} h6 {[%emt 0:05:03]} 11. Kb1 {[%emt 0:04:45]} a6 {[%emt 0:10:48]} 12. Rhe1 {[%emt 0:05:00]} O-O-O {[%emt 0:14:09]} 13. Nd4 {[%emt 0:05:32]} Nxd4 {[%emt 0:01:58]} 14. cxd4 {[%emt 0:02:22]} d5 {[%emt 0:04:20]} 15. Bd3 {[%emt 0:01:46]} Rhe8 {[%emt 0:07:01]} 16. Be5 {[%emt 0:03:00]} f6 {[%emt 0:03:40]} 17. Bg3 {[%emt 0:00:37]} Bd6 {[%emt 0:11:17]} 18. Bg6 {[%emt 0:05:01]} Bf7 {[%emt 0:02:40]} 19. Bxf7 {[%emt 0:04:08]} Rxe1 {[%emt 0:04:07]} 20. Rxe1 {[%emt 0:01:09]} Qxf7 {[%emt 0:00:07]} 21. Bxd6 {[%emt 0:07:37]} Rxd6 {[%emt 0:00:10]} 22. Qe2 {[%emt 0:00:26]} Kd8 {[%emt 0:03:56]} 23. Kc1 {[%emt 0:01:07]} Rd7 {[%emt 0:00:54]} 24. Kd2 {[%emt 0:00:28]} Re7 {[%emt 0:00:40]} 25. Qxe7+ {[%emt 0:00:24]} Qxe7 {[%emt 0:00:07]} 26. Rxe7 {[%emt 0:00:04]} Kxe7 {[%emt 0:00:07]} 27. Ke3 {[%emt 0:00:17]} g5 {[%emt 0:01:08]} 28. f4 {[%emt 0:01:36]} Ke6 {[%emt 0:02:17]} 29. fxg5 {[%emt 0:00:25]} fxg5 {[%emt 0:00:08]} 30. g4 {[%emt 0:00:04]} a5 {[%emt 0:00:20]} 31. a4 {[%emt 0:00:14] Ke5 Ke4+} 1/2-1/2

[Event "46th GRE-chT Premier 2018"]
[Site "Rio Achaia"]
[Date "2018.07.11"]
[Round "2"]
[White "David, Alberto"]
[Black "Secheres, Adrian-Simion"]
[Result "1-0"]
[WhiteElo "2549"]
[BlackElo "2415"]
[Annotator "TA"]
[PlyCount "65"]
[EventDate "2018.07.10"]
[EventType "team-tourn"]
[EventCountry "GRE"]
[SourceTitle "playchess.com"]
[Source "ChessBase"]
[SourceQuality "1"]

{[%evp 16,65,19,12,21,16,25,6,15,4,12,0,0,0,8,0,6,11,27,0,0,0,15,0,1,0,49,0,8,-10,0,0,0,-12,131,117,119,116,139,135,191,143,282,268,345,345,418,422,397,391,513,515]} 1. e4 c5 2. Nf3 Nc6 3. Bb5 d6 4. O-O Bd7 5. Re1 Nf6 6. h3 e6 {B51: Sicilian: Moscow Variation (3 Bb5+) without 3...Bd7} 7. c3 Ne5 8. Bxd7+ Qxd7 9. d3 {LiveBook: 4 Games} Nxf3+ $146 ({Predecessor:} 9... Be7 10. Bf4 Nxf3+ 11. Qxf3 O-O 12. Nd2 Rac8 13. Nf1 b5 14. a3 {½-½ (30) Chadaev,N (2573)-Frolyanov,D (2610) Olginka 2011}) 10. Qxf3 Be7 11. Nd2 O-O {[%cal Bh8f8,Bf8d8,Bd8d3][%mdl 32]} 12. Nf1 d5 13. Ng3 dxe4 14. dxe4 Qc6 15. Qe2 Rfd8 16. e5 Ne8 17. Qg4 Rd3 18. Bh6 Kf8 19. Bf4 Rad8 20. Ne4 R8d5 21. Kh2 c4 22. Re2 Qd7 23. Rae1 b5 24. Ng3 {[%cal Be4g3,Bg3h5,Bh5f4][%mdl 32]} a5 {[#]} (24... Kg8 $11 {keeps the balance.}) 25. Nh5 $1 $16 Kg8 26. Bh6 $1 {[%cal Rh5g7]} g6 {and if ...Rd1 works, Black does fine.} 27. Nf4 Nc7 (27... Ng7 $16 28. Nxd5 Qxd5) 28. Nxd5 Qxd5 {[#]} (28... Nxd5 $16 {was worth a try.} 29. Kg1 a4) 29. a4 $1 $18 Bc5 (29... bxa4 30. Re4) 30. axb5 Nxb5 31. Ra1 Bb6 32. Ra4 Bc7 33. Qxc4 {Precision: White = 57%, Black = 40%.} 1-0

[Event "46th GRE-chT Premier 2018"]
[Site "Rio Achaia"]
[Date "2018.07.11"]
[Round "2"]
[White "Kuljasevic, Davorin"]
[Black "Safarli, Eltaj"]
[Result "1/2-1/2"]
[WhiteElo "2545"]
[BlackElo "2667"]
[Annotator "RC"]
[PlyCount "91"]
[EventDate "2018.07.10"]
[EventType "team-tourn"]
[EventCountry "GRE"]
[SourceTitle "playchess.com"]
[Source "ChessBase"]
[SourceQuality "1"]
[TimeControl "40/5400+30:1800+30"]

1. d4 {[%emt 0:00:29]} Nf6 {[%emt 0:00:00]} 2. c4 {[%emt 0:00:06]} g6 {[%emt 0:00:00]} 3. Nc3 {[%emt 0:00:27]} d5 {[%emt 0:00:00]} 4. Nf3 {[%emt 0:00:15]} Bg7 {[%emt 0:00:02]} 5. Qb3 {[%emt 0:00:32]} dxc4 {[%emt 0:00:54]} 6. Qxc4 {[%emt 0:00:04]} O-O {[%emt 0:02:45]} 7. e4 {[%emt 0:00:22]} Be6 {[%emt 0:00:55]} 8. Qd3 {[%emt 0:01:18]} c5 {[%emt 0:02:41]} 9. d5 {[%emt 0:00:23]} Bd7 {[%emt 0:02:42]} 10. Be2 {[%emt 0:11:19]} e6 {[%emt 0:07:46]} 11. Bg5 {[%emt 0:14:45]} h6 {[%emt 0:01:17]} 12. Be3 {[%emt 0:01:10]} exd5 {[%emt 0:05:17]} 13. exd5 {[%emt 0:00:23]} Bf5 {[%emt 0:10:22]} 14. Qd2 {[%emt 0:03:24]} Ne4 {[%emt 0:00:06]} 15. Nxe4 {[%emt 0:00:10]} Bxe4 {[%emt 0:00:05]} 16. Rd1 {[%emt 0:03:59]} Nd7 {[%emt 0:08:20]} 17. O-O {[%emt 0:07:48]} Kh7 {[%emt 0:01:08]} 18. b4 {[%emt 0:06:09]} b6 {[%emt 0:14:53]} 19. Bf4 {[%emt 0:15:16]} f5 {[%emt 0:14:44]} 20. bxc5 {[%emt 0:16:16]} bxc5 {[%emt 0:00:53]} 21. Bb5 {[%emt 0:01:41]} Bxf3 {[%emt 0:11:39]} 22. gxf3 {[%emt 0:00:09]} g5 {[%emt 0:01:22]} 23. Be3 {[%emt 0:05:52]} Ne5 {[%emt 0:01:17]} 24. Be2 {[%emt 0:00:43]} Qd6 {[%emt 0:03:33]} 25. Rb1 {[%emt 0:00:47]} Rac8 {[%emt 0:01:49]} 26. Rfd1 {[%emt 0:02:55]} f4 {[%emt 0:01:29]} 27. Qc2+ {[%emt 0:00:08]} Kh8 {[%emt 0:00:11]} 28. Bc1 {[%emt 0:01:17]} g4 {[%emt 0:03:42]} 29. Bb2 {[%emt 0:00:24]} Rce8 {[%emt 0:01:05]} 30. Kh1 {[%emt 0:01:35]} Re7 {[%emt 0:01:32]} 31. Rbc1 {[%emt 0:01:16]} Rfe8 {[%emt 0:01:48]} 32. Qxc5 {[%emt 0:03:14]} Qxc5 {[%emt 0:00:03]} 33. Rxc5 {[%emt 0:00:02]} gxf3 {[%emt 0:00:12]} 34. Bb5 {[%emt 0:00:29]} Ng4 {[%emt 0:00:54]} 35. Bxg7+ {[%emt 0:01:20]} Rxg7 {[%emt 0:00:02]} 36. Rf1 {[%emt 0:01:00]} Reg8 {[%emt 0:01:35]} 37. h3 {[%emt 0:00:31]} Rg5 {[%emt 0:00:35]} 38. Bd7 {[%emt 0:00:29]} Rh5 {[%emt 0:00:46]} 39. Rc8 {[%emt 0:00:17]} Rxh3+ {[%emt 0:00:34]} 40. Kg1 {[%emt 0:00:00]} Rh5 {[%emt 0:00:00]} 41. d6 {[%emt 0:10:50]} Rxc8 {[%emt 0:12:38]} 42. Bxc8 {[%emt 0:00:03]} Rg5 {[%emt 0:00:12]} 43. Bxg4 {[%emt 0:07:38]} Rxg4+ {[%emt 0:00:07]} 44. Kh2 {[%emt 0:00:07]} Rh4+ {[%emt 0:00:17]} 45. Kg1 {[%emt 0:00:04]} Rg4+ {[%emt 0:00:03]} 46. Kh2 {[%emt 0:00:02]} 1/2-1/2

[Event "46th GRE-chT Premier 2018"]
[Site "Rio Achaia"]
[Date "2018.07.11"]
[Round "2"]
[White "Macieja, Bartlomiej"]
[Black "Mastrovasilis, Dimitrios"]
[Result "1/2-1/2"]
[WhiteElo "2525"]
[BlackElo "2580"]
[Annotator "ChessBase"]
[PlyCount "88"]
[EventDate "2018.07.10"]
[EventType "team-tourn"]
[EventCountry "GRE"]
[SourceTitle "playchess.com"]
[Source "ChessBase"]
[SourceQuality "1"]
[TimeControl "40/5400+30:1800+30"]

1. c4 {[%emt 0:00:00]} e6 {[%emt 0:01:28]} 2. Nf3 {[%emt 0:00:00]} d5 {[%emt 0:00:27]} 3. g3 {[%emt 0:00:00]} Nf6 {[%emt 0:00:20]} 4. Bg2 {[%emt 0:00:00]} d4 {[%emt 0:00:18]} 5. O-O {[%emt 0:00:53]} c5 {[%emt 0:00:29]} 6. d3 {[%emt 0:05:57]} Nc6 {[%emt 0:01:27]} 7. e3 {[%emt 0:18:35]} Bd6 {[%emt 0:03:32]} 8. exd4 {[%emt 0:03:48]} cxd4 {[%emt 0:00:22]} 9. a3 {[%emt 0:29:04]} a5 {[%emt 0:00:36]} 10. Bg5 {[%emt 0:00:03]} h6 {[%emt 0:00:35]} 11. Bxf6 {[%emt 0:00:02]} Qxf6 {[%emt 0:00:15]} 12. Nbd2 {[%emt 0:00:01]} Qe7 {[%emt 0:00:46]} 13. Re1 {[%emt 0:13:16]} O-O {[%emt 0:02:45]} 14. Rc1 {[%emt 0:00:16]} e5 {[%emt 0:09:38]} 15. c5 {[%emt 0:02:57]} Bxc5 {[%emt 0:20:47]} 16. Nxe5 {[%emt 0:00:31]} Nxe5 {[%emt 0:00:30]} 17. f4 {[%emt 0:00:13]} Bg4 {[%emt 0:11:08]} 18. Qc2 {[%emt 0:00:49]} Bd6 {[%emt 0:00:51]} 19. fxe5 {[%emt 0:00:21]} Bxe5 {[%emt 0:01:37]} 20. Qc5 {[%emt 0:02:24]} Rfe8 {[%emt 0:09:11]} 21. Qxe7 {[%emt 0:01:20]} Rxe7 {[%emt 0:00:03]} 22. Rc5 {[%emt 0:16:10]} Bd6 {[%emt 0:09:01]} 23. Rxe7 {[%emt 0:00:06]} Bxe7 {[%emt 0:00:09]} 24. Rb5 {[%emt 0:03:21]} Bg5 {[%emt 0:01:24]} 25. Nc4 {[%emt 0:00:07]} Re8 {[%emt 0:10:53]} 26. Be4 {[%emt 0:00:01]} Bh3 {[%emt 0:04:33]} 27. Nxa5 {[%emt 0:01:57]} f5 {[%emt 0:01:32]} 28. Bg2 {[%emt 0:00:58]} Bxg2 {[%emt 0:03:19]} 29. Kxg2 {[%emt 0:00:01]} Re2+ {[%emt 0:00:09]} 30. Kf3 {[%emt 0:01:17]} Re3+ {[%emt 0:01:19]} 31. Kf2 {[%emt 0:00:00]} Rxd3 {[%emt 0:00:19]} 32. Nc4 {[%emt 0:00:02]} Rd1 {[%emt 0:00:42]} 33. h4 {[%emt 0:00:56]} Bf6 {[%emt 0:00:38]} 34. Rxb7 {[%emt 0:00:59]} Rc1 {[%emt 0:01:22]} 35. Nd2 {[%emt 0:00:02]} d3 {[%emt 0:03:03]} 36. Rb3 {[%emt 0:00:59]} Kf7 {[%emt 0:01:57]} 37. a4 {[%emt 0:00:28]} Ra1 {[%emt 0:00:29]} 38. Ra3 {[%emt 0:00:33]} Bd4+ {[%emt 0:00:27]} 39. Kf3 {[%emt 0:00:13]} Rd1 {[%emt 0:00:23]} 40. Rxd3 {[%emt 0:00:00]} Bxb2 {[%emt 0:00:00]} 41. a5 {[%emt 0:06:50]} g5 {[%emt 0:12:21]} 42. a6 {[%emt 0:13:53]} gxh4 {[%emt 0:01:10]} 43. gxh4 {[%emt 0:01:22]} Bf6 {[%emt 0:02:18]} 44. Ra3 {[%emt 0:10:14]} Rxd2 {[%emt 0:00:36] Ke4} 1/2-1/2

[Event "46th GRE-chT Premier 2018"]
[Site "Rio Achaia"]
[Date "2018.07.11"]
[Round "2"]
[White "Firman, Nazar"]
[Black "Prince, Bajaj"]
[Result "1-0"]
[WhiteElo "2512"]
[BlackElo "2404"]
[Annotator "TA"]
[PlyCount "131"]
[EventDate "2018.07.10"]
[EventType "team-tourn"]
[EventCountry "GRE"]
[SourceTitle "playchess.com"]
[Source "ChessBase"]
[SourceQuality "1"]

{[%evp 11,131,0,25,0,0,0,0,14,19,0,0,0,0,0,0,0,0,0,0,0,0,-16,-8,-30,-35,-67,-32,-31,-10,-13,-14,-12,-5,-40,0,0,0,0,0,0,16,8,48,48,38,41,47,37,81,77,88,0,0,0,2,0,37,26,110,101,119,115,129,133,225,225,225,233,226,235,512,504,513,517,517,517,514,514,513,506,506,508,508,514,514,505,486,485,505,498,488,469,457,468,464,471,441,467,458,449,466,466,428,399,472,422,739,739,722,729,704,667,441,384,29965,12429,29972,29973,29980,29981,29980,29981]} 1. e4 c5 2. Nf3 e6 3. d3 Nc6 4. g3 g6 5. Bg2 Bg7 6. O-O d5 {LiveBook: 20 Games. A04: Unusual lines after 1 Nf3 and King's Indian Attack} (6... Nge7 7. c3 O-O 8. Re1 e5 9. Nbd2 d6 10. a3 b5 11. b4 cxb4 12. axb4 a5 13. Nb3 Be6 14. Nxa5 Nxa5 15. bxa5 Rxa5 16. Bd2 Rxa1 17. Qxa1 Qc7 18. Rb1 {½-½ (55) Piorun,K (2638)-Mastrovasilis,D (2580) Poland 2017}) 7. exd5 exd5 8. Re1+ Nge7 {The position is equal.} 9. Nc3 O-O 10. Bf4 h6 11. h4 Bg4 12. Qd2 Kh7 13. Ne5 Be6 $146 ({Predecessor:} 13... Bxe5 14. Bxe5 f6 15. Bf4 g5 16. hxg5 hxg5 17. Bxg5 fxg5 18. Qxg5 {½-½ (27) Agbabishvili,L (2012)-Humphreys,M (2206) Windsor 2016}) 14. Nxc6 Nxc6 15. Nb5 {Strongly threatening Nc7.} Qd7 16. c3 Rac8 17. Re2 a6 18. Na3 Rfe8 19. Rae1 b5 20. Nc2 d4 21. cxd4 $1 cxd4 22. Kh2 Bg4 23. Rxe8 Rxe8 24. Rxe8 Qxe8 25. Bd6 Bf5 26. Bc5 Qe6 27. Bxc6 Qxc6 28. Bxd4 Bh3 {[%csl Gh3][%cal Rc6g2] [#]} 29. f3 $40 {[%mdl 128] Threatens to win with Bxg7. White has some attack.} ({But not} 29. Kxh3 $2 Qh1+ 30. Kg4 h5+ 31. Kf4 Bh6+ 32. Ke5 Bxd2 $19) 29... Bf5 30. Bxg7 Kxg7 31. Nd4 (31. Kg2 $16) 31... Qd5 $11 32. Qc3 Kh7 $1 33. a3 Bc8 34. Kg2 Qd7 (34... Bb7 $1 $11 {keeps the balance.}) 35. Kf2 Bb7 36. Ne2 Qh3 37. Qf6 Qh2+ (37... Qd7 $16 38. Nc3 Kg8) 38. Ke3 $18 Bd5 39. Qxa6 Qh1 40. Qf6 ({Don't do} 40. Qxb5 $6 Qxf3+ 41. Kd2 h5) 40... Qf1 $2 {[#]} (40... Bb3 41. Qc6 h5 42. Qxb5 Bd1) 41. h5 $1 Bb3 (41... gxh5 42. Qf5+) 42. hxg6+ fxg6 43. Qe7+ Kg8 44. Qd8+ Kg7 45. Qd7+ Kf6 46. Qc6+ Kf7 47. Qc7+ Kg8 48. Qb8+ Kf7 49. Qxb5 Bd1 50. Qd5+ Kf6 51. Qd4+ Kf7 52. Qf4+ Kg7 53. Qe5+ Kf7 54. Kd2 Bxe2 55. Qxe2 {[%mdl 4096] Endgame KQ-KQ} Qg1 56. Qe5 Qf2+ 57. Kc3 h5 58. Qf4+ Ke6 (58... Ke7 $142 59. b4 Qe1+ 60. Kc4 Qe6+ 61. Kc5 Qc8+ 62. Kb6 Qe6+ 63. Ka5 Qd5+ 64. b5 g5 65. Qc7+ Ke8) 59. a4 {[%cal Ba3a4,Ba4a5][%mdl 32]} Qe1+ 60. Kc4 Qd1 61. b3 {[%cal Bb2b3,Bb3b4][%mdl 32]} Qc2+ 62. Kb4 Qd1 $2 (62... Qxd3 $18 63. a5 Kd7 64. Qf7+ Kd6) 63. a5 Qe1+ 64. Kb5 {White mates.} Qd1 65. b4 g5 66. Qe3+ {Precision: White = 75%, Black = 36%.} 1-0

[Event "46th GRE-chT Premier 2018"]
[Site "Rio Achaia"]
[Date "2018.07.11"]
[Round "2"]
[White "Mastrovasilis, Athanasios"]
[Black "Mihailidis, Anastasios"]
[Result "1-0"]
[WhiteElo "2497"]
[BlackElo "2265"]
[Annotator "ChessBase"]
[PlyCount "41"]
[EventDate "2018.07.10"]
[EventType "team-tourn"]
[EventCountry "GRE"]
[SourceTitle "playchess.com"]
[Source "ChessBase"]
[SourceQuality "1"]
[TimeControl "40/5400+30:1800+30"]

1. Nf3 {[%emt 0:00:00]} d5 {[%emt 0:02:59]} 2. g3 {[%emt 0:01:23]} Bg4 {[%emt 0:00:49]} 3. Bg2 {[%emt 0:00:16]} Nf6 {[%emt 0:00:07]} 4. h3 {[%emt 0:03:29]} Bf5 {[%emt 0:08:27]} 5. d3 {[%emt 0:04:50]} h6 {[%emt 0:06:00]} 6. c4 {[%emt 0:02:02]} c6 {[%emt 0:05:32]} 7. cxd5 {[%emt 0:01:42]} cxd5 {[%emt 0:02:34]} 8. Qb3 {[%emt 0:01:20]} Qb6 {[%emt 0:03:46]} 9. Qxb6 {[%emt 0:12:36]} axb6 {[%emt 0:01:25]} 10. Nc3 {[%emt 0:04:01]} e6 {[%emt 0:06:56]} 11. Nd4 {[%emt 0:09:55]} Bg6 {[%emt 0:03:33]} 12. Ndb5 {[%emt 0:03:59]} Na6 {[%emt 0:02:33]} 13. O-O {[%emt 0:08:22]} Be7 {[%emt 0:03:37]} 14. Be3 {[%emt 0:05:21]} Bc5 {[%emt 0:17:02]} 15. Bd2 {[%emt 0:05:00]} O-O {[%emt 0:03:59]} 16. a3 {[%emt 0:01:24]} Rfc8 17. b4 Be7 {[%emt 0:01:44]} 18. Be3 {[%emt 0:05:29]} Nd7 {[%emt 0:03:18]} 19. Rac1 {[%emt 0:01:51]} Nc7 {[%emt 0:07:01]} 20. Nxc7 {[%emt 0:00:45]} Rxc7 {[%emt 0:02:55]} 21. Nxd5 {[%emt 0:00:41]} 1-0

[Event "46th GRE-chT Premier 2018"]
[Site "Rio Achaia"]
[Date "2018.07.11"]
[Round "2"]
[White "Nedev, Trajko"]
[Black "Boruchovsky, Avital"]
[Result "1-0"]
[WhiteElo "2490"]
[BlackElo "2558"]
[Annotator "ChessBase"]
[PlyCount "123"]
[EventDate "2018.07.10"]
[EventType "team-tourn"]
[EventCountry "GRE"]
[SourceTitle "playchess.com"]
[Source "ChessBase"]
[SourceQuality "1"]
[TimeControl "40/5400+30:1800+30"]

1. e4 {[%emt 0:00:00]} e6 {[%emt 0:00:00]} 2. d4 {[%emt 0:00:00]} d5 {[%emt 0:00:00]} 3. Nd2 {[%emt 0:00:00]} c5 {[%emt 0:00:00]} 4. exd5 {[%emt 0:00:00]} Qxd5 {[%emt 0:00:00]} 5. Ngf3 {[%emt 0:00:00]} cxd4 {[%emt 0:00:03]} 6. Bc4 {[%emt 0:00:04]} Qd6 {[%emt 0:00:07]} 7. Ne4 {[%emt 0:00:03]} Qb4+ {[%emt 0:01:22]} 8. Nfd2 {[%emt 0:00:04]} Nc6 {[%emt 0:02:13]} 9. O-O {[%emt 0:00:08]} Qb6 {[%emt 0:03:56]} 10. c3 {[%emt 0:07:11]} Bd7 {[%emt 0:05:58]} 11. Bb3 {[%emt 0:02:49]} Nf6 {[%emt 0:20:02]} 12. Nc4 {[%emt 0:02:30]} Qa6 {[%emt 0:00:36]} 13. Nxf6+ {[%emt 0:03:47]} gxf6 {[%emt 0:00:07]} 14. cxd4 {[%emt 0:00:11]} Nb4 {[%emt 0:00:05]} 15. Re1 {[%emt 0:07:08]} Bb5 {[%emt 0:18:04]} 16. Na3 {[%emt 0:06:56]} O-O-O {[%emt 0:01:38]} 17. Nxb5 {[%emt 0:08:25]} Qxb5 {[%emt 0:00:03]} 18. Qf3 {[%emt 0:02:08]} Be7 {[%emt 0:07:22]} 19. Bf4 {[%emt 0:05:18]} Rxd4 {[%emt 0:00:15]} 20. a4 {[%emt 0:03:41]} Qa6 {[%emt 0:02:06]} 21. Rec1+ {[%emt 0:10:18]} Nc6 {[%emt 0:00:25]} 22. Be3 {[%emt 0:01:12]} Rb4 {[%emt 0:04:25]} 23. Bd2 {[%emt 0:01:05]} Rh4 {[%emt 0:05:13]} 24. Bf4 {[%emt 0:03:03]} e5 {[%emt 0:02:39]} 25. Bc4 {[%emt 0:01:54]} Qa5 {[%emt 0:04:37]} 26. Bg3 {[%emt 0:00:53]} Rd4 {[%emt 0:02:35]} 27. b4 {[%emt 0:02:33]} Qd8 {[%emt 0:07:14]} 28. Ba6 {[%emt 0:07:43]} Qd5 {[%emt 0:00:11]} 29. Rxc6+ {[%emt 0:00:51]} Kb8 {[%emt 0:00:24]} 30. Rxf6 {[%emt 0:00:35]} bxa6 {[%emt 0:01:03]} 31. Rxf7 {[%emt 0:00:44]} Bd6 {[%emt 0:03:05]} 32. Qxd5 {[%emt 0:01:57]} Rxd5 {[%emt 0:00:02]} 33. Rd7 {[%emt 0:00:11]} Re8 {[%emt 0:00:07]} 34. h3 {[%emt 0:01:27]} h5 {[%emt 0:01:17]} 35. Re1 {[%emt 0:01:50]} Re6 {[%emt 0:01:50]} 36. Re4 {[%emt 0:03:32]} Kc8 {[%emt 0:00:21]} 37. Rxa7 Rd1+ {[%emt 0:01:36]} 38. Kh2 {[%emt 0:00:45]} Rd4 {[%emt 0:00:03]} 39. f3 {[%emt 0:01:26]} Rxe4 {[%emt 0:00:19]} 40. fxe4 {[%emt 0:00:00]} Bxb4 {[%emt 0:00:00]} 41. Rh7 {[%emt 0:00:14]} Bc3 {[%emt 0:00:16]} 42. Rxh5 {[%emt 0:00:08]} Kc7 {[%emt 0:00:06]} 43. Rg5 {[%emt 0:06:56]} Kd6 {[%emt 0:01:42]} 44. h4 {[%emt 0:00:13]} Bd2 {[%emt 0:00:41]} 45. Rg8 {[%emt 0:01:13]} Kc5 {[%emt 0:00:08]} 46. Rd8 {[%emt 0:00:26]} Bf4 {[%emt 0:00:20]} 47. Rd5+ {[%emt 0:07:35]} Kb4 {[%emt 0:03:05]} 48. a5 {[%emt 0:00:09]} Rg6 {[%emt 0:00:05]} 49. Bxf4 {[%emt 0:00:13]} exf4 {[%emt 0:00:01]} 50. h5 {[%emt 0:03:11]} Rg4 {[%emt 0:00:14]} 51. Rf5 {[%emt 0:00:57]} Kc4 {[%emt 0:00:43]} 52. Kh3 {[%emt 0:01:45]} Rg3+ {[%emt 0:00:05]} 53. Kh4 {[%emt 0:00:28]} Rxg2 {[%emt 0:00:08]} 54. Rxf4 {[%emt 0:00:20]} Kd4 {[%emt 0:01:46]} 55. Rg4 {[%emt 0:00:15]} Rc2 {[%emt 0:02:12]} 56. h6 {[%emt 0:01:43]} Ke5 {[%emt 0:01:07]} 57. Kg5 {[%emt 0:00:49]} Rc7 {[%emt 0:00:17]} 58. Kg6 {[%emt 0:01:01]} Rc6+ {[%emt 0:00:06]} 59. Kh5 {[%emt 0:00:05]} Rc7 {[%emt 0:00:41]} 60. Kg6 {[%emt 0:02:40]} Rc6+ {[%emt 0:00:21]} 61. Kg5 {[%emt 0:00:03]} Rc7 {[%emt 0:00:11]} 62. Rh4 {[%emt 0:00:03]} 1-0

[Event "46th GRE-chT Premier 2018"]
[Site "Rio Achaia"]
[Date "2018.07.11"]
[Round "2"]
[White "Leniart, Arkadiusz"]
[Black "Papaioannou, Ioannis"]
[Result "1/2-1/2"]
[WhiteElo "2489"]
[BlackElo "2647"]
[Annotator "RC"]
[PlyCount "79"]
[EventDate "2018.07.10"]
[EventType "team-tourn"]
[EventCountry "GRE"]
[SourceTitle "playchess.com"]
[Source "ChessBase"]
[SourceQuality "1"]
[TimeControl "40/5400+30:1800+30"]

1. e4 {[%emt 0:00:00]} c5 {[%emt 0:00:00]} 2. Nf3 {[%emt 0:00:00]} d6 {[%emt 0:00:00]} 3. d4 {[%emt 0:00:00]} cxd4 {[%emt 0:00:00]} 4. Nxd4 {[%emt 0:00:00]} Nf6 {[%emt 0:00:08]} 5. Nc3 {[%emt 0:00:00]} a6 {[%emt 0:00:08]} 6. g3 {[%emt 0:00:00]} e5 {[%emt 0:00:19]} 7. Nde2 {[%emt 0:00:00]} Be7 {[%emt 0:00:25]} 8. Bg2 {[%emt 0:00:00]} O-O {[%emt 0:00:21]} 9. O-O {[%emt 0:00:00]} Be6 {[%emt 0:00:17]} 10. a4 {[%emt 0:05:18]} Nbd7 {[%emt 0:00:45]} 11. h3 {[%emt 0:04:12]} Re8 {[%emt 0:03:22]} 12. b3 {[%emt 0:08:40]} Qc7 {[%emt 0:05:31]} 13. Be3 {[%emt 0:05:34]} Rac8 {[%emt 0:04:35]} 14. Ra2 {[%emt 0:02:53]} Nc5 {[%emt 0:04:10]} 15. Nd5 {[%emt 0:03:34]} Nxd5 {[%emt 0:02:05]} 16. exd5 {[%emt 0:00:06]} Bf5 {[%emt 0:00:09]} 17. g4 {[%emt 0:06:54]} Bg6 {[%emt 0:03:59]} 18. Ng3 {[%emt 0:01:29]} Qd8 {[%emt 0:06:33]} 19. a5 {[%emt 0:21:26]} Bh4 {[%emt 0:02:53]} 20. Qe2 {[%emt 0:05:26]} h6 {[%emt 0:04:41]} 21. Rd1 {[%emt 0:14:02]} Qe7 {[%emt 0:02:15]} 22. Bxc5 {[%emt 0:03:54]} Rxc5 {[%emt 0:00:39]} 23. c4 {[%emt 0:03:55]} e4 {[%emt 0:02:40]} 24. Nf1 {[%emt 0:06:48]} f5 {[%emt 0:02:56]} 25. gxf5 {[%emt 0:00:03]} Bxf5 {[%emt 0:00:06]} 26. Ne3 {[%emt 0:03:26]} Bd7 {[%emt 0:00:11]} 27. Qh5 {[%emt 0:01:51]} Rf8 {[%emt 0:00:31]} 28. Qg6 {[%emt 0:00:53]} Rf4 {[%emt 0:01:00]} 29. Rd4 {[%emt 0:01:41]} Qf6 {[%emt 0:09:17]} 30. Qxf6 {[%emt 0:00:05]} Bxf6 {[%emt 0:00:05]} 31. Rxe4 {[%emt 0:00:02]} Rxe4 {[%emt 0:00:08]} 32. Bxe4 {[%emt 0:00:03]} Bxh3 {[%emt 0:00:15]} 33. b4 {[%emt 0:02:13]} Rc8 {[%emt 0:00:44]} 34. Kh2 {[%emt 0:00:30]} Bd7 {[%emt 0:00:08]} 35. Rc2 {[%emt 0:00:37]} Re8 {[%emt 0:06:29]} 36. f3 {[%emt 0:00:19]} Bg5 {[%emt 0:02:50]} 37. Rc3 {[%emt 0:00:46]} Bf6 {[%emt 0:01:15]} 38. Rc2 {[%emt 0:00:11]} Bg5 {[%emt 0:01:17]} 39. Rc3 {[%emt 0:00:03]} Bf6 {[%emt 0:02:18]} 40. Rc2 {[%emt 0:00:00]} 1/2-1/2